Every Number is Unique #1 - Statistics

General Stats
  • This quiz has been taken 18 times
  • The average score is 10 of 20
Answer Stats
Hint Answer % Correct
A cube is #-dimensional. 3
94%
Number of sides on a cube 6
88%
Atomic number of the element helium 2
81%
Number of deadly sins in Christian teachings 7
81%
It is commonly believed that cats have this number of lives. 9
81%
This number is neither prime nor composite. 1
69%
Number of US colonies that rebelled against Britain in 1776 13
63%
Number of dwarf planets recognized by the IAU 5
63%
The counting system uses the base-# number system. 10
56%
Number of holes in a regular golf course 18
56%
This number means "death" in Chinese. 4
50%
Abraham Lincoln was the #th president of the US 16
44%
This number means "prosperity" in Chinese. 8
44%
Number of face cards in a deck of 52 cards 12
38%
Number of countries in Oceania, according to Jetpunk 14
38%
The number of teams in the NBA Western Conference 15
31%
Age required to apply for a private pilot license in the US 17
19%
Number of BRICS members by January 2024 11
13%
The Sun is associated with this number in Tarot cards. 19
13%
This season of Survivor, Heroes vs Villains, was one of the best. 20
0%
No matching quizzes found
Score Distribution
Percent of People with Each Score
Percentile by Number Answered
Your Score History
You have not taken this quiz